Zmena štandardného rizika v modeloch prirážok a zliav

Stanovenie hodnôt modelových premenných po zmene štandardného rizika v porovnaní s hodnotami v pôvodnom modeli.

Guardado en:
Detalles Bibliográficos
Autor principal: Fecenko, Jozef
Otros Autores: Gogola, Ján, 1977-
Formato: Capítulo de libro
Lenguaje:eslovaco
Materias:
Etiquetas: Agregar Etiqueta
Sin Etiquetas, Sea el primero en etiquetar este registro!

MARC

LEADER 00000naa a2200000 4500
001 0165474
005 20240502072901.8
041 0 |a slo 
044 |a SK 
245 1 0 |a Zmena štandardného rizika v modeloch prirážok a zliav  |c Jozef Fecenko, Ján Gogola 
520 |a Stanovenie hodnôt modelových premenných po zmene štandardného rizika v porovnaní s hodnotami v pôvodnom modeli. 
610 2 0 |a riziko finančné 
610 2 0 |a riziko poistné 
610 2 0 |a modely ekonomicko-matematické 
610 2 0 |a riziko poistné 
610 2 0 |a matematika finančná 
100 1 |a Fecenko, Jozef 
700 1 |a Gogola, Ján, 1977-